000 00828cam a2200205 i 4500
005 20260204090359.0
008 250721s2022 xx gr 000 0 ara d
020 _a9789776972515
082 1 4 _a395.23
_bد و ت
100 1 _aدوتي، كيتلين
_eمؤلف.
245 1 2 _aالدخان يقتحم عينيك :
_bمواجهة عاطفية ومثيرة للفضول وجها لوجه مع الموت والحداد والطقوس الجنائزية /
_cتأليف كليتلين دوتي، ترجمة عمر العوضي.
246 1 0 _aSmoke Gets IN Your Eyes
264 3 1 _aالقاهرة :
_bعصير الكتب،
_c2022.
300 _a262 صفحة.
650 1 7 _aالاتيكيت.
650 1 7 _aالجنائز.
700 1 _aالعوضي، عمر
_eمترجم.
942 _2ddc
_cBK
999 _c146015
_d146015